[Event "Titled Tue 24th Jun Late"]
[Site "chess.com INT"]
[Date "2025.06.24"]
[Round "9"]
[White "Li, Eric 2007"]
[Black "Alvarez, Leandro"]
[Result "0-1"]
[WhiteTitle "IM"]
[WhiteElo "2372"]
[BlackElo "2143"]
[WhiteFideId "30939941"]
[BlackFideId "132756"]
[EventDate "2025.06.24"]

1. e4 d6 2. d4 Nf6 3. f3 g6 4. c4 c6 5. Nc3 Bg7 6. Be3 O-O 7. Bd3 Nbd7 8. Nge2
e5 9. d5 Nc5 10. Bc2 a5 11. O-O cxd5 12. cxd5 Nh5 13. a3 f5 14. b4 axb4 15. axb4
Rxa1 16. Qxa1 Nd7 17. Nb5 Nf4 18. Nxf4 exf4 19. Bd4 Ne5 20. Qc3 Bd7 21. Nxd6 Qf6
22. Nc4 Nxf3+ 23. gxf3 Qxd4+ 24. Qxd4 Bxd4+ 25. Kg2 Bb5 26. Bd3 fxe4 27. fxe4 g5
28. Ne5 Bxe5 29. Bxb5 Rc8 30. Kf3 h5 31. h3 Rc3+ 32. Kg2 Rg3+ 33. Kf2 Rxh3 34.
Rc1 Rh2+ 35. Kg1 f3 36. Rd1 f2+ 37. Kf1 Bd6 38. Rd2 Bg3 39. d6 Rh1+ 40. Kg2
f1=Q+ 41. Bxf1 Rh2+ 42. Kxg3 Rxd2 43. Bc4+ Kf8 44. e5 Rd4 45. Be2 h4+ 46. Kh3
Re4 47. Bf3 Rxe5 48. Bxb7 Rb5 49. Bc8 Rxb4 50. Be6 Rd4 51. d7 Ke7 52. Bf5 Rxd7
53. Kg4 Rd5 54. Be4 Rd4 55. Kf5 Rxe4 56. Kxe4 h3 57. Kf3 g4+ 58. Kg3 Kf6 59. Kh2
Kg5 60. Kg3 Kf5 61. Kh2 Kf4 62. Kh1 Kf3 63. Kg1 Kg3 64. Kh1 Kf2 65. Kh2 g3+ 66.
Kxh3 g2 67. Kg4 g1=Q+ 68. Kf4 Qe1 69. Kf5 Qe7 70. Kf4 Qe6 71. Kg5 Qf7 72. Kg4
Qf6 73. Kh5 Qg7 74. Kh4 Kf3 75. Kh5 Kf4 76. Kh4 Qh8# 0-1

[Event "Titled Tue 24th Jun Late"]
[Site "chess.com INT"]
[Date "2025.06.24"]
[Round "9"]
[White "Bezuch, Martin"]
[Black "Schuster, Karsten"]
[Result "0-1"]
[WhiteTitle "FM"]
[BlackTitle "FM"]
[WhiteElo "2238"]
[BlackElo "2266"]
[WhiteFideId "14906333"]
[BlackFideId "4611071"]
[EventDate "2025.06.24"]

1. Nf3 d5 2. g3 Nf6 3. Bg2 c6 4. O-O Bg4 5. d3 e6 6. Nbd2 Nbd7 7. e4 Bc5 8. Qe2
O-O 9. b3 a5 10. a3 Qc7 11. Bb2 Rfe8 12. e5 Nh5 13. h3 Nxg3 14. Qd1 Nxf1 15.
Nxf1 Bh5 16. d4 Be7 17. Ng3 Bg6 18. h4 h6 19. h5 Bh7 20. c4 a4 21. cxd5 cxd5 22.
Rc1 Qb6 23. b4 Rec8 24. Bf1 Rxc1 25. Bxc1 Qc7 26. Ne1 Nb6 27. Nd3 Nc4 28. f4 Bh4
29. Kh2 Bxg3+ 30. Kxg3 Bf5 31. Ne1 Rc8 32. Ng2 Nb6 33. Bd2 Qc2 34. Qe1 Bd3 35.
Ne3 Qb3 36. Bh3 Nc4 37. Nxc4 Bxc4+ 38. Kh2 Bd3 39. f5 Bxf5 40. Bxf5 exf5 41. e6
Re8 42. e7 Qf3 43. b5 Qxh5+ 44. Kg2 Qg4+ 45. Kf1 Qh3+ 46. Kg1 Qg4+ 47. Kf1 Qxd4
48. Bb4 Qc4+ 49. Kg2 Qe4+ 50. Kf2 Qxe1+ 51. Kxe1 g5 52. Ke2 Kg7 53. Ke3 Kf6 54.
Kd4 Rxe7 55. b6 Ke6 56. Kc5 Rd7 57. Kb5 f4 58. Kxa4 f3 59. Be1 d4 60. Kb5 d3 61.
a4 d2 62. Bxd2 Rxd2 63. a5 Ra2 64. a6 Rxa6 65. Kb4 Rxb6+ 0-1

[Event "Titled Tue 24th Jun Late"]
[Site "chess.com INT"]
[Date "2025.06.24"]
[Round "9"]
[White "Mizzi, Jack"]
[Black "Montano Vicente, Guadalupe"]
[Result "1-0"]
[WhiteTitle "CM"]
[WhiteElo "2107"]
[BlackElo "1938"]
[WhiteFideId "5602521"]
[BlackFideId "5181399"]
[EventDate "2025.06.24"]

1. d4 Nf6 2. c4 b6 3. Nf3 Bb7 4. g3 e6 5. Bg2 Bb4+ 6. Nbd2 O-O 7. O-O c5 8. Qc2
cxd4 9. Nxd4 Bxg2 10. Kxg2 Nc6 11. Nxc6 dxc6 12. Rd1 Qc7 13. Nf3 e5 14. Bg5 Be7
15. Nh4 h6 16. Bxf6 Bxf6 17. Nf5 Rad8 18. Qe4 Bg5 19. h4 Bf6 20. Qg4 Kh7 21. Qe4
g6 22. Ne3 Bg7 23. h5 Rd4 24. Qc2 Rfd8 25. hxg6+ fxg6 26. Rxd4 Rxd4 27. Rd1 Qd6
28. Rd3 e4 29. Rd1 h5 30. a3 a5 31. Rxd4 Qxd4 32. b4 axb4 33. axb4 Bh6 34. Nf1
c5 35. b5 Bg7 36. Ne3 Bh6 37. Nd5 e3 38. fxe3 Bxe3 39. Ne7 Qf6 40. Qe4 Bd4 41.
e3 Be5 42. Nd5 Qd6 43. Nxb6 Bxg3 44. Nd5 Be5 45. Qf3 Kg7 46. b6 h4 47. Qg4 Bf6
48. b7 g5 49. Qf3 Be5 50. Qf5 Bf6 51. Qxf6+ 1-0

[Event "Titled Tue 24th Jun Late"]
[Site "chess.com INT"]
[Date "2025.06.24"]
[Round "9"]
[White "Vazelakis, Dimitrios"]
[Black "Gorbenko, Rustem"]
[Result "0-1"]
[BlackTitle "CM"]
[WhiteElo "1857"]
[BlackElo "2201"]
[WhiteFideId "4203674"]
[BlackFideId "14111438"]
[EventDate "2025.06.24"]

1. d4 e6 2. Nf3 Nf6 3. g3 b5 4. Bg2 Bb7 5. O-O c5 6. a4 b4 7. dxc5 Bxc5 8. Nbd2
O-O 9. Nb3 Be7 10. Be3 d6 11. h3 Nbd7 12. Qd2 Nb6 13. Qxb4 Rc8 14. Qd2 Nc4 15.
Qc1 Nxe3 16. Qxe3 Rxc2 17. Rab1 Qb6 18. Nfd4 Bxg2 19. Nxc2 Bxf1 20. Qxb6 axb6
21. Kxf1 Ra8 22. Ra1 Ne4 23. Ke1 Bf6 24. Ncd4 Nc5 25. a5 Nxb3 26. Nxb3 Bxb2 27.
Rb1 Bc3+ 28. Kd1 bxa5 29. Kc2 Bb4 30. Kd3 g6 31. Rc1 a4 32. Na1 Bc5 33. e3 Rb8
34. Nc2 Rb2 35. Ra1 a3 36. Nxa3 Rb3+ 37. Kc4 Rxa3 38. Rb1 Ra2 39. f4 Ra3 40. e4
Rxg3 41. e5 Re3 42. exd6 Bxd6 43. Rd1 Bxf4 44. Rd8+ Kg7 45. Rd7 Rxh3 46. Kd4 e5+
47. Ke4 h5 48. Rd8 Re3+ 0-1

[Event "Titled Tue 24th Jun Late"]
[Site "chess.com INT"]
[Date "2025.06.24"]
[Round "9"]
[White "Makridis, Dimitrios"]
[Black "Sprenar, Petr"]
[Result "0-1"]
[WhiteTitle "FM"]
[BlackTitle "FM"]
[WhiteElo "2283"]
[BlackElo "2318"]
[WhiteFideId "25864475"]
[BlackFideId "397164"]
[EventDate "2025.06.24"]

1. b3 e5 2. Bb2 Nc6 3. e3 Nf6 4. Nf3 Bd6 5. d4 exd4 6. Nxd4 Nxd4 7. Bxd4 O-O 8.
g4 Qe7 9. Bg2 Be5 10. g5 Ne8 11. h4 Nd6 12. Nc3 c6 13. Qd2 Nf5 14. Bxe5 Qxe5 15.
O-O-O d5 16. Kb1 Be6 17. h5 Rad8 18. h6 g6 19. Rhe1 f6 20. f4 Qc7 21. gxf6 Nxh6
22. Qd4 Nf5 23. Qe5 Qf7 24. e4 dxe4 25. Nxe4 Bd5 26. Ng5 Qxf6 27. Qxf6 Rxf6 28.
c4 h6 29. cxd5 hxg5 30. dxc6 Rxd1+ 31. Rxd1 bxc6 32. fxg5 Re6 33. Rd8+ Kf7 34.
Rd7+ Re7 35. Bxc6 Rxd7 36. Bxd7 Nd6 37. Bc6 Ke6 38. Kb2 Kf5 39. Kc3 Kxg5 40. Kd4
Kf6 41. Kc5 Ke7 42. a4 g5 43. b4 g4 44. b5 g3 45. a5 Nc8 46. Bg2 Kd7 47. Bf3 Kc7
48. Bc6 Ne7 49. Be4 Nf5 50. Kb4 Nh4 51. b6+ axb6 52. a6 Kb8 53. Kb5 Ka7 54. Bc6
g2 55. Bxg2 Nxg2 56. Kb4 Nf4 57. Ka4 Ne6 58. Kb4 Nc7 59. Ka4 Nxa6 60. Kb5 Kb7
61. Ka4 Nc7 0-1

[Event "Titled Tue 24th Jun Late"]
[Site "chess.com INT"]
[Date "2025.06.24"]
[Round "9"]
[White "Slovineanu, Viacheslav"]
[Black "Reshetnikov, Alexey"]
[Result "1/2-1/2"]
[WhiteTitle "IM"]
[BlackTitle "IM"]
[WhiteElo "2412"]
[BlackElo "2492"]
[WhiteFideId "13900510"]
[BlackFideId "4162080"]
[EventDate "2025.06.24"]

1. d4 d5 2. Nf3 e6 3. c4 a6 4. e3 Nf6 5. b3 b6 6. Bd3 Bb7 7. O-O Nbd7 8. Bb2 Bd6
9. Nc3 O-O 10. Rc1 Ne4 11. Ne2 f5 12. Ne5 Qe7 13. Nf4 Rae8 14. Qe2 dxc4 15. Bxc4
Ng5 16. h4 Bxe5 17. dxe5 b5 18. hxg5 bxc4 19. Rxc4 Nb6 20. Rc2 Be4 21. Rcc1 Qxg5
22. Rxc7 Nd5 23. f3 Nxc7 24. fxe4 fxe4 25. Qc4 Nd5 26. Nxd5 exd5 27. Qxd5+ Kh8
28. Rxf8+ Rxf8 29. Qxe4 Qg3 30. Bd4 Rc8 31. Qb1 h5 32. e6 h4 33. e7 h3 34. Qf1
Re8 35. Qf8+ Kh7 36. Qf5+ Kh6 37. Qxh3+ Qxh3 38. gxh3 Rxe7 39. Kf2 Kg5 40. Kf3
Kf5 41. b4 g6 42. a4 Rb7 43. Bc5 Rh7 44. Kg3 g5 45. Bd4 Rc7 46. b5 axb5 47. axb5
Rc1 48. b6 Rg1+ 49. Kf3 Rb1 50. Kg3 Rg1+ 51. Kf3 Rf1+ 52. Kg3 Rg1+ 1/2-1/2

[Event "Titled Tue 24th Jun Late"]
[Site "chess.com INT"]
[Date "2025.06.24"]
[Round "9"]
[White "Demchenko, Anton"]
[Black "Svane, Rasmus"]
[Result "0-1"]
[WhiteTitle "GM"]
[BlackTitle "GM"]
[WhiteElo "2619"]
[BlackElo "2626"]
[WhiteFideId "4160258"]
[BlackFideId "4657101"]
[EventDate "2025.06.24"]

1. e4 e5 2. Nf3 Nc6 3. Bc4 Nf6 4. d3 h6 5. a4 Bc5 6. O-O d6 7. a5 a6 8. Be3 Ba7
9. Bxa7 Rxa7 10. Nbd2 O-O 11. c3 b5 12. axb6 cxb6 13. d4 b5 14. Bd3 Qb6 15. d5
Ne7 16. Qe2 Ng6 17. Qe3 Qb8 18. g3 Bd7 19. Rfc1 Rc8 20. b3 a5 21. c4 bxc4 22.
bxc4 Ng4 23. Qe2 a4 24. c5 Rxc5 25. Rxc5 dxc5 26. Nc4 Qb3 27. Nfd2 Qc3 28. Ra3
Qc1+ 29. Qf1 Qxf1+ 30. Bxf1 Nf6 31. f3 Ne8 32. h4 f6 33. Rc3 Ne7 34. Na3 Rb7 35.
Rxc5 Rb2 36. Ndc4 Rb3 37. Ra5 Nc8 38. Be2 Kf8 39. Kf2 Ned6 40. Nxd6 Nxd6 41. Nc2
Rb2 42. Bd3 Bb5 43. Bxb5 Nxb5 44. Ke1 Nc3 45. Kd2 Rb3 46. Ne3 Nb1+ 47. Ke2 a3
48. Nf5 g6 0-1

[Event "Titled Tue 24th Jun Late"]
[Site "chess.com INT"]
[Date "2025.06.24"]
[Round "9"]
[White "Chigaev, Maksim"]
[Black "Tan, Zhongyi"]
[Result "1-0"]
[WhiteTitle "GM"]
[BlackTitle "GM"]
[WhiteElo "2635"]
[BlackElo "2546"]
[WhiteFideId "4108116"]
[BlackFideId "8603642"]
[EventDate "2025.06.24"]

1. Nf3 d5 2. e3 c5 3. b3 f6 4. d4 cxd4 5. exd4 Nc6 6. c4 Bg4 7. Nc3 e5 8. Nxd5
Nxd4 9. Be2 Nxe2 10. Qxe2 Ne7 11. Ne3 Be6 12. O-O Ng6 13. Rd1 Qc8 14. Nd5 Bc5
15. Be3 O-O 16. Bxc5 Qxc5 17. Qe3 Rac8 18. Qxc5 Rxc5 19. Nc3 Rcc8 20. Nd2 Rfd8
21. Nde4 Nf4 22. f3 a6 23. Nd6 Rc7 24. g3 Nh3+ 25. Kg2 Ng5 26. h4 Rcd7 27. hxg5
Rxd6 28. Rxd6 Rxd6 29. Ne4 Rd4 30. gxf6 Bf5 31. fxg7 Bxe4 32. fxe4 Rxe4 33. Kf3
Rd4 34. Re1 Rd2 35. Rxe5 Rxa2 36. Re8+ Kxg7 37. Re7+ Kg6 38. Rxb7 a5 39. Rb6+
Kg7 40. c5 a4 41. b4 Rb2 42. Ke4 a3 43. Kd5 a2 44. Ra6 Rxb4 45. Rxa2 Rb3 46. c6
Rxg3 47. Rc2 Rg5+ 48. Kd6 Ra5 49. c7 Ra6+ 50. Ke5 Ra5+ 51. Kf4 1-0

[Event "Titled Tue 24th Jun Late"]
[Site "chess.com INT"]
[Date "2025.06.24"]
[Round "9"]
[White "Terletsky, Oleg"]
[Black "Mecit, Emre"]
[Result "1-0"]
[WhiteTitle "IM"]
[WhiteElo "2160"]
[BlackElo "2007"]
[WhiteFideId "14116774"]
[BlackFideId "6304214"]
[EventDate "2025.06.24"]

1. e4 c5 2. Nf3 d6 3. d4 cxd4 4. Nxd4 Nf6 5. Nc3 g6 6. Bc4 Bg7 7. Be3 O-O 8. f3
Nc6 9. Qd2 Bd7 10. h4 h5 11. O-O-O Rb8 12. g4 b5 13. Bb3 Ne5 14. gxh5 Nxh5 15.
f4 Nc4 16. Bxc4 bxc4 17. Kb1 Qa5 18. Ka1 Rfc8 19. Rhg1 Qb4 20. Rb1 e5 21. fxe5
dxe5 22. Nf5 Bxf5 23. exf5 Rd8 24. Qg2 e4 25. fxg6 f5 26. Bd2 e3 27. Be1 Nf4 28.
Qf3 Nd5 29. Qxf5 Nxc3 30. Qf7+ Kh8 31. Qxg7+ Kxg7 32. Bxc3+ Qxc3 33. bxc3 Rxb1+
34. Kxb1 e2 35. Kc1 Rf8 36. Re1 Rf2 37. Kd2 Kxg6 38. Rxe2 Rf4 39. Rh2 Kh5 40.
Ke3 Rg4 41. Rd2 Kxh4 42. Rd4 Kg5 43. Rxg4+ Kxg4 44. Kd4 Kf4 45. Kxc4 Ke3 46. Kd5
Kd2 47. c4 Kxc2 48. c5 Kb2 49. c6 Kxa2 50. c7 a5 51. c8=Q a4 52. Qb7 a3 53. Kc4
Ka1 54. Qg7+ Kb1 55. Kb3 a2 56. Qb2# 1-0

[Event "Titled Tue 24th Jun Late"]
[Site "chess.com INT"]
[Date "2025.06.24"]
[Round "9"]
[White "Bonin, Jay"]
[Black "Zdorov, Egor Vit"]
[Result "0-1"]
[WhiteTitle "IM"]
[BlackTitle "CM"]
[WhiteElo "2102"]
[BlackElo "2101"]
[WhiteFideId "2000644"]
[BlackFideId "55688560"]
[EventDate "2025.06.24"]

1. d4 Nf6 2. c3 d5 3. Bg5 Ne4 4. Bf4 c5 5. f3 Nf6 6. dxc5 Nc6 7. b4 a5 8. b5 Nb8
9. e4 e6 10. Qd4 dxe4 11. Nd2 Nd5 12. Bxb8 Rxb8 13. fxe4 Nf6 14. Ngf3 Qc7 15.
Nb3 Nd7 16. b6 Qc6 17. Nxa5 Qxc5 18. Nc4 Be7 19. Be2 O-O 20. O-O Nf6 21. a4 Nxe4
22. Rfc1 Bf6 23. Qxc5 Nxc5 24. Ra3 Bd7 25. a5 Bb5 26. Bf1 Ba6 27. Nce5 Bxf1 28.
Kxf1 Rfd8 29. Ke2 Bxe5 30. Nxe5 f6 31. Nf3 e5 32. c4 Rbc8 33. Rd1 Rxd1 34. Kxd1
Na6 35. Rc3 Rc5 36. Rd3 Rxa5 37. Rd7 Nc5 38. Rc7 e4 39. Nd4 g6 40. Nb5 Nd3 41.
Rxb7 Ra2 42. Ra7 Nf2+ 43. Ke1 Nd3+ 0-1

[Event "Titled Tue 24th Jun Late"]
[Site "chess.com INT"]
[Date "2025.06.24"]
[Round "9"]
[White "Tang, Zoey"]
[Black "Beyer, Lorenz"]
[Result "0-1"]
[WhiteTitle "FM"]
[BlackTitle "CM"]
[WhiteElo "2356"]
[BlackElo "2226"]
[WhiteFideId "30952530"]
[BlackFideId "16245393"]
[EventDate "2025.06.24"]

1. e4 e6 2. d4 d5 3. Nd2 c5 4. Ngf3 cxd4 5. Nxd4 Nc6 6. Bb5 Bd7 7. Nxc6 bxc6 8.
Bd3 Nf6 9. e5 Ng8 10. O-O Qc7 11. f4 Bc5+ 12. Kh1 Ne7 13. a4 a5 14. Nf3 h6 15.
Bd2 O-O 16. Qe1 Bb6 17. Qh4 Nf5 18. Qh3 Nd4 19. Nxd4 Bxd4 20. c3 Bb6 21. f5 exf5
22. Bxf5 Bxf5 23. Qxf5 Qc8 24. Qf3 Qe6 25. Qg3 Qg6 26. Qxg6 fxg6 27. g3 Rxf1+
28. Rxf1 Rf8 29. Kg2 Rxf1 30. Kxf1 Kf7 31. Ke2 Ke6 32. h3 Kxe5 33. Kd3 g5 34. c4
dxc4+ 35. Kxc4 Ke4 36. b4 axb4 37. Bxb4 Kf3 38. a5 Bxa5 39. Bxa5 Kxg3 40. Bc3 g6
41. Kd3 Kxh3 42. Ke2 Kg2 43. Bf6 g4 44. Bg7 h5 45. Bf6 c5 46. Bg5 c4 47. Bf6 Kg3
48. Kf1 h4 49. Kg1 h3 50. Kh1 Kf3 51. Be5 g3 52. Kg1 g5 53. Bd6 c3 0-1

[Event "Titled Tue 24th Jun Late"]
[Site "chess.com INT"]
[Date "2025.06.24"]
[Round "9"]
[White "Oluka Robert Mcligeyo"]
[Black "Fernandez Bustamante, Leancy B."]
[Result "0-1"]
[WhiteTitle "CM"]
[BlackTitle "WFM"]
[WhiteElo "2061"]
[BlackElo "2130"]
[WhiteFideId "10814647"]
[BlackFideId "3523870"]
[EventDate "2025.06.24"]

1. e4 c5 2. Nf3 a6 3. c3 d5 4. exd5 Qxd5 5. d4 Nf6 6. Na3 Bg4 7. Be2 e6 8. O-O
cxd4 9. Nxd4 Bxe2 10. Qxe2 Bxa3 11. bxa3 O-O 12. Be3 Nc6 13. Rab1 b5 14. a4 bxa4
15. Rb6 Nxd4 16. Bxd4 Ne4 17. Re1 Nd6 18. Rxa6 Rxa6 19. Qxa6 Nf5 20. Qxa4 Ra8
21. Qb3 Qxb3 22. axb3 Nxd4 23. cxd4 Rb8 24. Re3 Kf8 25. Kf1 Rb4 26. Rd3 Ke7 27.
Ke2 Kd6 28. Kd2 Kd5 29. Kc3 Rb7 30. b4 Rc7+ 31. Kb3 Rc1 32. Rg3 g6 33. Rf3 f5
34. Rh3 Kxd4 35. Rxh7 Rb1+ 36. Ka4 Kc4 37. Rc7+ Kd5 38. Rg7 Rb2 39. Rxg6 Rxf2
40. Kb5 e5 41. Kb6 e4 42. b5 e3 43. Rg8 e2 44. Re8 f4 45. Kb7 Rxg2 46. b6 f3 47.
Kb8 Rxh2 48. b7 Rh7 49. Rd8+ Kc4 50. Rc8+ Kd3 51. Rc7 Rh8+ 52. Rc8 Rh5 53. Rd8+
Ke3 54. Kc7 Rh7+ 55. Rd7 Rh8 56. Rd8 Rxd8 57. Kxd8 e1=Q 58. b8=Q Qd2+ 59. Ke7 f2 0-1

[Event "Titled Tue 24th Jun Late"]
[Site "chess.com INT"]
[Date "2025.06.24"]
[Round "9"]
[White "Livaic, Leon"]
[Black "Goryachkina, Aleksandra"]
[Result "1-0"]
[WhiteTitle "GM"]
[BlackTitle "GM"]
[WhiteElo "2550"]
[BlackElo "2533"]
[WhiteFideId "14531534"]
[BlackFideId "4147103"]
[EventDate "2025.06.24"]

1. e4 c5 2. Nf3 d6 3. d4 cxd4 4. Nxd4 Nf6 5. Nc3 Nc6 6. h4 Bd7 7. h5 Rc8 8. Nxc6
Bxc6 9. Bd3 h6 10. Be3 Qa5 11. Qd2 e6 12. f3 a6 13. g4 Be7 14. Ne2 Qxd2+ 15.
Kxd2 d5 16. e5 Nd7 17. Bd4 Bb5 18. Bxb5 axb5 19. a3 Bc5 20. f4 Ke7 21. c3 f6 22.
Rae1 Rhf8 23. exf6+ gxf6 24. Rhg1 Rg8 25. Nc1 Kf7 26. Nd3 Bxd4 27. cxd4 Rc4 28.
Ke3 Nb8 29. b3 Rc3 30. Rc1 Rxc1 31. Rxc1 Nc6 32. Nc5 e5 33. dxe5 fxe5 34. Nxb7
exf4+ 35. Kxf4 Nd4 36. Rc7+ Kf6 37. Rh7 Ne6+ 38. Kg3 d4 39. Rxh6+ Ke5 40. Rh7 d3
41. Rd7 Rg7 42. Rxg7 Nxg7 43. Nc5 d2 44. Nd3+ Kf6 45. Nf2 Kf7 46. Kf3 Ne6 47.
Ke3 Nc5 48. b4 Ne4 49. Kxe4 1-0

[Event "Titled Tue 24th Jun Late"]
[Site "chess.com INT"]
[Date "2025.06.24"]
[Round "9"]
[White "Li, Hui"]
[Black "Tsiolakidis, Anastasios"]
[Result "1-0"]
[WhiteTitle "CM"]
[BlackTitle "FM"]
[WhiteElo "2041"]
[BlackElo "2298"]
[WhiteFideId "15400310"]
[BlackFideId "4201477"]
[EventDate "2025.06.24"]

1. e4 c5 2. Nf3 d6 3. d4 cxd4 4. Nxd4 Nf6 5. Nc3 Nc6 6. Bg5 e5 7. Ndb5 a6 8. Na3
Be6 9. Nc4 Nd4 10. Ne3 Be7 11. Bxf6 gxf6 12. Ncd5 Rg8 13. c3 Nc6 14. Qh5 Qa5 15.
Bc4 O-O-O 16. Bb3 Rg7 17. O-O Rdg8 18. g3 Qc5 19. Qf3 Rg6 20. Rfd1 Bd8 21. Nf5
Kb8 22. a3 Bxf5 23. Qxf5 Rg5 24. Qf3 h5 25. Qe3 h4 26. Qxc5 dxc5 27. Ne3 hxg3
28. hxg3 b5 29. Bxf7 Rh8 30. Nf5 Bb6 31. Bd5 Kc7 32. Kg2 c4 33. Bxc6 Kxc6 34.
Rd6+ Kc7 35. Rxf6 Bxf2 36. Kxf2 Rh2+ 37. Kf3 Rxb2 38. Rf7+ Kc6 39. a4 b4 40.
cxb4 Rb3+ 41. Kf2 Rb2+ 42. Ke3 Rb3+ 43. Kd2 Rxb4 44. Rc1 Rxa4 45. Rf6+ Kc5 46.
Rf8 1-0

[Event "Titled Tue 24th Jun Late"]
[Site "chess.com INT"]
[Date "2025.06.24"]
[Round "9"]
[White "Rajaram, Rohan"]
[Black "Reprintsev, Alexander"]
[Result "1-0"]
[WhiteTitle "CM"]
[BlackTitle "IM"]
[WhiteElo "2164"]
[BlackElo "2256"]
[WhiteFideId "30940729"]
[BlackFideId "14100541"]
[EventDate "2025.06.24"]

1. d4 d5 2. Bf4 Nf6 3. e3 c5 4. c3 Qb6 5. Nd2 Nc6 6. Ngf3 Qxb2 7. Rb1 Qxc3 8.
Rc1 Qa3 9. Bb5 Bd7 10. O-O e6 11. dxc5 Bxc5 12. Nb3 Be7 13. Nfd4 O-O 14. Nxc6
bxc6 15. Bxc6 Bxc6 16. Rxc6 Qxa2 17. Qd3 Qa4 18. Nd4 Rfc8 19. Rfc1 Rxc6 20. Nxc6
Bf8 21. h3 h6 22. Be5 Nd7 23. Bd4 Nc5 24. Bxc5 Qxc6 25. Ba3 Qd7 26. Bxf8 Rxf8
27. Qa6 Rb8 28. Ra1 Rb7 29. Qa5 Qc7 30. Qa4 Qd7 31. Qa5 g6 32. Qc3 Rc7 33. Qd4
Qe7 34. Kh2 Qd6+ 35. g3 e5 36. Qd3 Kg7 37. Ra6 Qd7 38. Ra5 d4 39. Rxe5 dxe3 40.
Qxe3 Qc6 41. Re4 Qf6 42. Rf4 Qc3 43. Qe2 a5 44. Qa6 Qc5 45. Qf6+ Kh7 46. Re4 1-0

[Event "Titled Tue 24th Jun Late"]
[Site "chess.com INT"]
[Date "2025.06.24"]
[Round "9"]
[White "Kolimar, Kristof Pal"]
[Black "Avramidou, Anastasia"]
[Result "1-0"]
[WhiteTitle "FM"]
[BlackTitle "FM"]
[WhiteElo "2368"]
[BlackElo "2294"]
[WhiteFideId "798410"]
[BlackFideId "4239873"]
[EventDate "2025.06.24"]

1. Nf3 Nf6 2. c4 g6 3. g3 Bg7 4. Bg2 O-O 5. O-O d5 6. cxd5 Nxd5 7. d4 Nc6 8. e4
Nb6 9. d5 Na5 10. Qe1 Nac4 11. Nc3 c6 12. dxc6 bxc6 13. Qe2 a5 14. Rd1 Qc7 15.
Bf4 e5 16. Bg5 Ba6 17. b3 Nd6 18. Qc2 Nb5 19. Be3 Rfd8 20. Nxb5 Bxb5 21. a4 Ba6
22. Qc3 Nd7 23. Rac1 c5 24. Nd2 Rac8 25. Bf1 Bb7 26. f3 f5 27. Bd3 fxe4 28. Bxe4
Nf6 29. Qc4+ Kh8 30. Kg2 Nxe4 31. Nxe4 Rf8 32. Bxc5 Rf5 33. Bd6 Qxc4 34. Rxc4
Rd8 35. Rcc1 Bf8 36. Bxe5+ Rxe5 37. Rxd8 Bxe4 38. fxe4 Kg7 39. Rc7+ Be7 40. Rdd7
Kf6 41. Rxe7 Rxe7 42. Rxe7 Kxe7 43. Kf3 Ke6 44. Kf4 Kd6 45. h4 h6 46. g4 Ke6 47.
h5 g5+ 48. Kf3 Kd6 49. Ke3 Ke5 50. Kd3 Kf4 51. b4 axb4 52. a5 b3 53. a6 b2 54.
Kc2 Kxe4 55. a7 Kf4 56. a8=Q Kxg4 57. Qh1 1-0

[Event "Titled Tue 24th Jun Late"]
[Site "chess.com INT"]
[Date "2025.06.24"]
[Round "9"]
[White "Morris-Suzuki, Alan H"]
[Black "Papasimakopoulos, Alexandros"]
[Result "1-0"]
[BlackTitle "IM"]
[WhiteElo "1987"]
[BlackElo "2366"]
[WhiteFideId "30933218"]
[BlackFideId "4244125"]
[EventDate "2025.06.24"]

1. Nf3 Nf6 2. g3 d5 3. Bg2 c6 4. O-O Bf5 5. c4 e6 6. Qb3 Qb6 7. d3 Nbd7 8. cxd5
exd5 9. Nc3 Qxb3 10. axb3 Nc5 11. Nd4 Bd7 12. b4 Ne6 13. Nc2 d4 14. Ne4 Nd5 15.
b5 cxb5 16. Nd2 Bc6 17. Nb3 Nb4 18. Ncxd4 Nxd4 19. Nxd4 Bc5 20. Be3 Bxg2 21.
Kxg2 O-O 22. Rfc1 Bxd4 23. Bxd4 Nc6 24. Bc5 Rfd8 25. Rd1 f5 26. Rac1 Kf7 27. e4
Ke6 28. f3 Rac8 29. Kf2 Ne5 30. d4 fxe4 31. fxe4 b6 32. d5+ Kd7 33. Be3 Rc4 34.
Rxc4 bxc4 35. Ke2 Re8 36. Ra1 Nd3 37. Rxa7+ Kd6 38. Kf3 Rf8+ 39. Bf4+ Kc5 40.
Rc7+ Kd4 41. Rxg7 Nxb2 42. Rc7 b5 43. d6 Nd3 44. d7 Rd8 45. Bg5 Ne5+ 46. Kf4
Rxd7 47. Rc8 Nd3+ 48. Kf5 b4 49. Bf6+ Ke3 50. e5 Rd5 51. Ke6 Ke4 52. Rxc4+ Rd4
53. Rxd4+ Kxd4 54. Kd6 Ke4 55. e6 Kf5 56. e7 Kxf6 57. e8=Q Kf5 58. Qe6+ Kg5 59.
h4+ Kh5 60. Qf5+ Kh6 61. Qg5# 1-0

[Event "Titled Tue 24th Jun Late"]
[Site "chess.com INT"]
[Date "2025.06.24"]
[Round "9"]
[White "Miserendino, Alfredo"]
[Black "Li, Xueyi"]
[Result "1-0"]
[BlackTitle "WGM"]
[WhiteElo "2032"]
[BlackElo "2220"]
[WhiteFideId "101800"]
[BlackFideId "8605912"]
[EventDate "2025.06.24"]

1. e4 c6 2. d4 d5 3. Nc3 dxe4 4. Nxe4 Bf5 5. Ng3 Bg6 6. h4 h6 7. h5 Bh7 8. Nf3
Nd7 9. Bd3 Bxd3 10. Qxd3 Ngf6 11. Bd2 e6 12. O-O-O Be7 13. Ne4 Nxe4 14. Qxe4 Nf6
15. Qe2 O-O 16. g4 Nh7 17. Kb1 Ng5 18. Rhg1 Nxf3 19. Qxf3 Bg5 20. Qe4 Bxd2 21.
Rxd2 Qf6 22. f4 Rfd8 23. c3 c5 24. g5 hxg5 25. fxg5 Qf5 26. Qxf5 exf5 27. Rgd1
cxd4 28. Rxd4 Rxd4 29. Rxd4 Re8 30. Rd7 f4 31. Rd4 f3 32. Rf4 Re3 33. Kc1 Re5
34. Rxf3 Rxg5 35. Rh3 Rd5 36. Kc2 Kh7 37. c4 Re5 38. Kd3 Kh6 39. Rf3 Re7 40. Rf5
g6 41. hxg6 fxg6 42. Rf8 Rg7 43. Ke3 g5 44. Kf3 g4+ 45. Kg3 Kg6 46. b4 Kg5 47.
Rf4 Kh5 48. Rf5+ Kh6 49. c5 Kh7 50. a4 Kh6 51. b5 Kh7 52. Rf4 Kh6 53. Rxg4 Rxg4+
54. Kxg4 b6 55. c6 Kg6 56. c7 Kf6 57. c8=Q Ke5 58. Qa6 Kd4 59. Qxa7 Kc5 60. a5 1-0

[Event "Titled Tue 24th Jun Late"]
[Site "chess.com INT"]
[Date "2025.06.24"]
[Round "9"]
[White "Przybylski, Wojciech"]
[Black "Gattani, Sarthak"]
[Result "1-0"]
[WhiteTitle "FM"]
[WhiteElo "2340"]
[BlackElo "1944"]
[WhiteFideId "1117599"]
[BlackFideId "30995965"]
[EventDate "2025.06.24"]

1. e4 e5 2. Nf3 Nc6 3. Bc4 Bc5 4. O-O Nf6 5. d3 d6 6. h3 h6 7. c3 a6 8. Re1 Ba7
9. Be3 O-O 10. Nbd2 Be6 11. Bxe6 fxe6 12. Qb3 Qd7 13. Bxa7 Rxa7 14. d4 exd4 15.
cxd4 Kh7 16. Rad1 Qf7 17. e5 Nd5 18. Ne4 Qg6 19. Qc2 Ncb4 20. Qb3 Rf4 21. Ng3
Nc6 22. exd6 cxd6 23. Qd3 Ra8 24. Rxe6 Qxd3 25. Rxd3 Rf6 26. Rxf6 Nxf6 27. a3
Kg6 28. Ne2 Ne7 29. Rc3 Kf7 30. Nf4 Rc8 31. Rxc8 Nxc8 32. Kf1 g5 33. Nd3 Ke6 34.
Ke2 Nd5 35. g3 Nce7 36. Nc1 Nf5 37. Kd3 Nb6 38. Ne2 Nd7 39. Nc3 b5 40. Ne4 Nf6
41. Nxf6 Kxf6 42. g4 Ne7 43. Ke4 Ke6 44. Ne1 Nd5 45. Nd3 Nb6 46. b3 a5 47. Nb2
Nd5 48. Nd3 Nb6 49. Ke3 a4 50. bxa4 bxa4 51. Nb2 Nd5+ 52. Ke4 Nf4 53. Nxa4 Nxh3
54. f3 Nf2+ 55. Ke3 Nd1+ 56. Ke2 1-0